000 01223nam a2200289 a 4500
001 000022484
005 20200930021633.0
008 101012s1986 dr a 001 0 spa d
040 _aDO-SdBNP
_bspa
_cBNPHU
082 _a241.3
_bO77c
100 1 _aOrtiz, Víctor Raúl,
_d1959-
_946328
245 1 0 _aConcepto del pecado en los jóvenes /
_cVíctor Raúl Ortiz.
260 _aSanto Domingo :
_bTaller,
_c1986.
300 _a271 p. :
_bil. ;
_c23 cm.
500 _aDisertación presentada con el título "La noción del pecado en la formación de nuestros jóvenes", para el grado de Maestro en Artes en Teología Moral del Seminaio Regional San Vicente de Paul, Escuela de Teología, Boynton Beach, Florida.
500 _aIncluye datos biográficos del autor en la contracubierta.
504 _aIncluye bibliografía y notas al pie de páginas.
504 _aBibliografía : p. 251-264.
590 _aInventariado, 2018/BT
650 4 _aJuventud
_xConducta de vida
_97694
650 4 _aÉtica sexual para jóvenes
_946329
650 4 _aDirección espiritual
_96470
650 4 _aFormación espiritual
_96471
650 4 _aTentación
_92190
650 4 _aPecado
_96578
910 _aValidado. Control de calidad. EMS
999 _c21982
_d21982